Macroeconomics for today

محفوظ في:
التفاصيل البيبلوغرافية
المؤلف الرئيسي: Tucker, Irvin B
التنسيق: كتاب
منشور في: South-Western College 2000
الوسوم: إضافة وسم
لا توجد وسوم, كن أول من يضع وسما على هذه التسجيلة!
Thư viện lưu trữ: Mạng thư viện Đại học Đà Nẵng
LEADER 00521nam a2200217 a 4500
001 000029730
003 9180
005 20171030145630.0
008 171030s2000
040 |a LTT 
082 0 |a 339  |b TU-I 
100 1 |a Tucker, Irvin B 
245 0 0 |a Macroeconomics for today  |c Irvin B. Tucker. 
260 |b South-Western College  |c 2000 
OWN |a LTT 
999 |a From the UDN01 
TYP |a Monograph 
TYP |a Printed language 
980 |a Mạng thư viện Đại học Đà Nẵng